| 000 | 00599nam a2200217Ia 4500 | ||
|---|---|---|---|
| 008 | 160803s9999 xx 000 0 und d | ||
| 020 | _a9780545451888 | ||
| 100 | _aVelde, Vivian Vande | ||
| 245 | _aCloaked in red / | ||
| 245 | _cVivian Vande Velde. | ||
| 260 | _aNew York : | ||
| 260 | _bScholastic Inc. | ||
| 260 | _c2010 | ||
| 300 | _a127 pages : | ||
| 300 | _bphotographs ; | ||
| 300 | _c20 cm | ||
| 500 | _aOriginally published: Tarrytown, NY : Marshall Cavendish, 2010. | ||
| 650 | _aChildren's stories, American. | ||
| 650 | _aFairy tales -- United States. | ||
| 700 | _a920 | ||
| 999 |
_c298744 _d298744 |
||